GM as a route for delivery of sustainable crop protection (Record no. 60010)

MARC details
000 -LEADER
fixed length control field 00482nam a2200169Ia 4500
100 ## - MAIN ENTRY--AUTHOR NAME
Personal name Bruce Toby J A
245 #0 - TITLE STATEMENT
Title GM as a route for delivery of sustainable crop protection
260 ## - PUBLICATION, DISTRIBUTION, ETC. (IMPRINT)
Name of publisher Journal of Experimental Botany
Year of publication 2012
300 ## - PHYSICAL DESCRIPTION
Number of Pages 537-541
500 ## - GENERAL NOTE
General note Source Year: 2012
650 ## - SUBJECT ADDED ENTRY--TOPICAL TERM
Topical Term Crop improvement
650 ## - SUBJECT ADDED ENTRY--TOPICAL TERM
Topical Term GM debate
650 ## - SUBJECT ADDED ENTRY--TOPICAL TERM
Topical Term Plant-pest interactions
650 ## - SUBJECT ADDED ENTRY--TOPICAL TERM
Topical Term Sustainable agriculture
942 ## - ADDED ENTRY ELEMENTS (KOHA)
Koha item type Journals
Holdings
Withdrawn status Lost status Damaged status Not for loan Home library Current library Shelving location Date acquired Serial Enumeration / chronology Koha item type
      Journals RRII Library RRII Library Biotechnology 24/07/2012 Volume 63, Issue 2 Journals